000 00683nam a2200205Ia 4500
003 AR-BeUNQ
005 20250408192125.0
008 221202s9999 xx 000 0 und d
020 _a9789504923794
040 _aAR-BeUNQ
_bspa
_eaacr
_cAR-BeUNQ
100 _aFeinmann, José Pablo.
245 0 _aPeronismo
_bFilosofía política de la persistencia
250 _a1a ed.
260 _aBuenos Aires
_bPlaneta
_c2011
300 _a744 p.;
_c23 x 15 cm
546 _aEspañol
929 _bMinisterio de Educación de la Nación
_e2017
_aDONACION
_j58193
_fPAT0081510
_d0
_hv.1
929 _bMinisterio de Educación de la Nación
_e2017
_aDONACION
_j58194
_fPAT0083256
_d0
_hv.2
942 _cLIB
_n0
999 _c477
_d477